Sortim i cuinem : receptes amb plantes i fruites del Bruc i Montserrat / receptes amb plantes i fruites del Bruc i Montserrat /
ISBN:
9788491912590
Descripción Física:
176 pàgines ; fotografies en color ; 25 cm.
Colección:
El Montserratí
; 8
Idioma:
Catalán
MARC
| LEADER | 00000nam a22000007a 4500 | ||
|---|---|---|---|
| 001 | 28012 | ||
| 003 | Arxiu | ||
| 005 | 20260324181518.0 | ||
| 008 | 230613b spa||||| |||| 00| 0 cat d | ||
| 017 | |a B 205-2023 |b Biblioteca de Catalunya | ||
| 020 | |a 9788491912590 | ||
| 040 | |a agdb |b cat |c agdb |e rda | ||
| 100 | |9 56540 |a Batlle Figueras, Montse | ||
| 245 | |a Sortim i cuinem : |b receptes amb plantes i fruites del Bruc i Montserrat / |c Montse Batlle Figueras | ||
| 250 | |a Primera edició, |b febrer 2023 | ||
| 260 | |a Barcelona : |b Publicacions de l'Abadia de Montserrat ; |c 2023 | ||
| 300 | |a 176 pàgines ; |b fotografies en color ; |c 25 cm. | ||
| 490 | |a El Montserratí ; |v 8 | ||
| 504 | |a Inclou índex de plantes, fruites i arrels silvestres (pàgines 166-169). | ||
| 650 | 0 | |2 Arxiu |9 38788 |a Cuina | |
| 650 | 0 | |2 Arxiu |9 37555 |a Cuina catalana | |
| 942 | |2 udc |c ARXIU |n 1 | ||
| 952 | |0 0 |1 0 |2 udc |4 0 |6 BIB1069 |7 1 |9 66490 |a Arxiu |b Arxiu |d 2023-06-13 |l 0 |o Bib-1069 |p 28012 |r 2023-06-13 00:00:00 |w 2023-06-13 |y ARXIU | ||
| 999 | |c 83814 |d 83814 | ||